MUZEUM  START  ZAAWANSOWANE SZUKANIE  ZALOGUJ SIĘ  SCHOWEK
KATALOG GŁÓWNY
Muzeum

005 -DATA I CZAS OSTATNIEJ MODYFIKACJI [,]

20240612123340.0

041 -Język dokumentu [0, ]

polski
angielski
polski

942 -Rodzaj dokumentu [ , ]

Książka

020 -Międzynarodowy znormalizowany numer książki - ISBN [ , ]

9788365945013

245 -Strefa tytułu i oznaczenia odpowiedzialności [0,0]

Wolność Józefa Szajny =
Józef Szajna's freedom /
[redakcja merytoryczna Jolanta Niedoba ; tłumaczenie Małgorzata Mika, Marzena Beata Guzowska].

246 -Wariant tytułu [3, ]

Józef Szajna's freedom

260 -Strefa adresu wydawniczego [3,0]

Katowice :
Muzeum Śląskie,
2022.

700 -Hasło dodatkowe - nazwa osobowa [1, ]

Niedoba, Jolanta.
Redakcja

700 -Hasło dodatkowe - nazwa osobowa [1, ]

Mika, Małgorzata.
Tłumaczenie

700 -Hasło dodatkowe - nazwa osobowa [1, ]

Guzowska, Marzena Beata.
Tłumaczenie

920 -ISBN [1, ]

978-83-65945-01-3 (oprawa twarda)

300 -Strefa opisu fizycznego [ , ]

594, [2] strony :
fotografie, ilustracje, portrety ;
27 cm.

380 -Forma dzieła [ , ]

Książki

380 -Forma dzieła [ , ]

Albumy i książki artystyczne

388 -Okres powstania dzieła [1, ]

2001-

710 -Hasło dodatkowe - nazwa ciała zbiorowego [2, ]

Muzeum Śląskie (Katowice).
Wydawca
45825

730 -Hasło dodatkowe - tytuł ujednolicony [0, ]

Katalog wystawy (Muzeum Śląskie ; Katowice ; 2022-2023)

080 -Uniwersalna Klasyfikacja Dziesiętna [ , ]

792.071(438)
73/76.071(438)
(083.824)

500 -Uwaga ogólna [ , ]

Publikacja towarzysząca wystawie: 100 x Teart. Wolność Józefa Szajny, Muzeum Śląskie, Katowice, 2 sierpnia 2022 r. - 8 stycznia 2023 r.

504 -Uwaga dot. bibliografii załącznikowej [ , ]

Bibliografia na stronach 156-157.

546 -Uwaga dot. języka [ , ]

Tekst równolegle w języku polskim i w przekładzie angielskim.

561 -Proweniencja: [ , ]

Katowice_Muzeum Śląskie

610 -Hasło przedmiotowe w formie nazwy ciała zbiorowego [2,7]

Muzeum Śląskie (Katowice)

648 -Zakres chronologiczny [ ,7]

1901-2000

648 -Zakres chronologiczny [ ,7]

1939-1945

648 -Zakres chronologiczny [ ,7]

1989-2000

648 -Zakres chronologiczny [ ,7]

2001-

650 -Hasło przedmiotowe [ ,7]

Grafika polska

650 -Hasło przedmiotowe [ ,7]

Malarstwo polskie

650 -Hasło przedmiotowe [ ,7]

Reżyserzy polscy

650 -Hasło przedmiotowe [ ,7]

Scenografia

650 -Hasło przedmiotowe [ ,7]

Scenografowie polscy

650 -Hasło przedmiotowe [ ,7]

Teatr polski

650 -Hasło przedmiotowe [ ,7]

Wystawy sztuki

650 -Hasło przedmiotowe [ ,7]

Zbiory muzealne

651 -Hasło przedmiotowe w formie nazwy geograficznej [ ,7]

Katowice (woj. śląskie)

655 -Hasło w funkcji tematu formalnego [ ,7]

Katalog wystawy

655 -Hasło w funkcji tematu formalnego [ ,7]

Publikacja okolicznościowa

658 -Termin indeksowy - Dziedzina [ ,4]

Bibliotekarstwo, archiwistyka, muzealnictwo

658 -Termin indeksowy - Dziedzina [ , ]

Kultura i sztuka

Egzemplarze

Status udost. Data inwentaryzacji Sygnatura Numer inwentarzowy Kierowanie
-32024-06-12K-III-56399K.56399M11